Tvárou v tvár rodinným krízam podopierajme jeden druhého s láskou : týždeň kresťanského domova 12.-19.2.2000

Bibliographic Details
Corporate Author: Adventisti (Compiler)
Other Authors: Ondrušek, Samuel (Translator)
Format: Book
Language:Slovak
PhysicalDescription:30 s. 21 cm
Published: Vrútky Advent-Orion 2000
ISBN:808896038X
Subjects:

MARC

LEADER 00000nam a2200000 a 4500
001 vtls001388030
003 SK-MaSNL
005 20260301071346.0
008 240226s2000 xo r slo
015 |a SNBA2001/12-04200 
020 |a 808896038X 
035 |a SNK000342247 
035 |a urn:nbn:sk:snk-amkl1w 
035 |a urn:nbn:sk:snk-am002dn6 
035 |a 0FCFACF8-2CDF-4571-9157-44B60741F6F7 
040 |a SNK  |b slo  |c SNK  |e AACR2 
041 0 |a slo 
044 |a xo  |c SK 
080 |a 241:173  |2 1981 
080 |a 173  |2 1981 
245 0 0 |a Tvárou v tvár rodinným krízam  |b podopierajme jeden druhého s láskou : týždeň kresťanského domova 12.-19.2.2000  |c [pripravilo oddelenie kresťanského domova Česko-Slovenskej únie Cirkvi adventistov siedmeho dňa ; preklad Samuel Ondrušek 
260 |a Vrútky  |b Advent-Orion  |c 2000 
300 |a 30 s.  |c 21 cm 
500 |a Obalový názov 
500 |a Údaj o preklade prevzatý z tiráže 
650 0 7 |a manželstvo  |2 SNKPH  |9 659 
650 0 7 |a rodina  |2 SNKPH  |9 4138 
655 7 |a príručky  |2 SNKPH  |9 74364 
655 7 |a výklady  |2 SNKPH  |9 29178 
700 1 |a Ondrušek, Samuel  |4 trl  |9 389019 
710 0 |a Adventisti  |4 com 
919 |a 80-88960-38-X 
958 |a NT 
958 |a TL 
958 |a OP 
958 |a BQ 
999 |c 637513  |d 639443 
952 |t P60, <03>, [BOOK], {603}  |a SNK  |b SNK  |y PREZ  |7 0  |p 17A0237425  |o snkSC 101552  |i snkKSP 4802/2000  |0 0  |1 0  |4 0  |d 2000-05-10  |f 1  |l 0  |r 2025-09-23 00:00:00  |w 2026-02-23 
952 |t P60, <04>, [BOOK], {604}  |a SNK  |b SNK  |y VYP  |7 0  |p 17A0237426  |o snkSC 101552 D1  |i snkKSP 4803/2000  |0 0  |1 0  |4 0  |d 2000-05-10  |l 0  |r 2005-01-02 00:00:00  |w 2026-02-23